00421nam a2200157Ia 45000010006000000050017000060080041000230410008000640820015000721000035000872450088001222600009002103000028002196500008002476540008002551316620260306163033.0260306t1999||||xx |||||||||||||| ||spa|| aESP a001.4bR24 aRamón y Cajal, SantiagoeAUT 0aReglas y consejos sobre investigación científica:blos tónicos de la voluntad c1999 a218 páginas :c17 cm. aGEN aCHU